000
00239nam a2200097Ia 4500
005
20251222114350.0
008
251222s1900||||xx |||||||||||||| ||spa||
082
_a
DVD0093/M44/2010
245
0
_a
El silencio mata: campaƱa (Spot):
942
_c
DVD
999
_c
1222
_d
1222